Bull by the Horns: Fighting to Save Main Street from Wall Street and Wall Street from Itself / (Record no. 616368)

000 -LEADER
fixed length control field 00448nam a22001457a 4500
020 ## - INTERNATIONAL STANDARD BOOK NUMBER
Qualifying information PB.
040 ## - CATALOGING SOURCE
Transcribing agency Fizza Ishaq
082 ## - DEWEY DECIMAL CLASSIFICATION NUMBER
Classification number 332.1097
Author Mark SHE
100 ## - MAIN ENTRY--PERSONAL NAME
Personal name Bair, Sheila.
9 (RLIN) 133415
245 ## - TITLE STATEMENT
Title Bull by the Horns: Fighting to Save Main Street from Wall Street and Wall Street from Itself /
Statement of responsibility, etc. Sheila Bair.
250 ## - EDITION STATEMENT
Edition statement 1st Ed.
260 ## - PUBLICATION, DISTRIBUTION, ETC.
Place of publication, distribution, etc. New York :
Name of publisher, distributor, etc. Simonand Schustre,
Date of publication, distribution, etc. 2012.
300 ## - PHYSICAL DESCRIPTION
Extent 415 P, ;
Dimensions 6 x 1.3 x 9 inches
942 ## - ADDED ENTRY ELEMENTS (KOHA)
Source of classification or shelving scheme
Koha item type Book
Holdings
Withdrawn status Lost status Source of classification or shelving scheme Damaged status Not for loan Permanent Location Current Location Shelving location Date acquired Total Checkouts Full call number Barcode Date last seen Price effective from Koha item type
          NUST Baluchistan Campus (NBC) NUST Baluchistan Campus (NBC) General Stacks 02/24/2026   332.1097 SHE QD-966 02/24/2026 02/24/2026 Book
© 2023 Central Library, National University of Sciences and Technology. All Rights Reserved.